Umut hep var : (Record no. 12838)
[ view plain ]
| 000 -BAŞLIK | |
|---|---|
| Sabit Uzunlukta Kontrol Alanı | 00928nam a22002537a 4500 |
| 999 ## - SİSTEM KONTROL NUMARALARI (KOHA) | |
| Koha Biblionumber | 12838 |
| Koha Biblioitemnumber | 12838 |
| 003 - KONTROL NUMARASI IDENTIFIER | |
| Denetim Alanı | TR-AnCHP |
| 005 - SON İŞLEM TARİHİ VE ZAMANI | |
| Denetim Alanı | 20190301121921.0 |
| 008 - SABİT-BOY VERİ ELEMANLARI - GENEL BİLGİLER | |
| Sabit Uzunlukta Kontrol Alanı | 190301b tu ||||| |||| 00| 0 tur d |
| 020 ## - ULUSLARARASI STANDART KİTAP NUMARASI | |
| Uluslararası Standart Kitap Numarası | 9786052981986 |
| 040 ## - KATALOGLAMA KAYNAK | |
| Orijinal Kataloglama Ajansı | TR-AnCHP |
| Metne Dönüştürmek Ajansı | TR-AnCHP |
| 041 ## - DİL KODU | |
| Metin / Ses Parça Veya Ayrı Başlığın Dil Kodu | tur |
| 082 ## - DEWEY ONLU SINIFLANDIRMA NUMARASI | |
| Sınıflandırma Numarası | CHP 923.2 Kılıçdaroğlu,K. |
| 100 ## - ANA GİRİŞ - KİŞİSEL İSİM | |
| Kişisel Ad | Cengiz, Makbule |
| 245 ## - BAŞLIK TABLOSU | |
| Başlık | Umut hep var : |
| Başlığın Kalan | Kemal Kılıçdaroğlu'yla söyleşi / |
| Sorumluluk Tablosu, Vb | Makbule Cengiz. |
| 246 ## - UNVAN FORM VARYING | |
| Başlık Doğru / Kısa Başlığı | Kemal Kılıçdaroğlu'yla söyleşi |
| 260 ## - YAYIN, DAĞITIM, VB | |
| Yayın, Dağıtım, Vb Yeri | İstanbul : |
| Yayıncı, Dağıtıcı, Vs Adı | Kırmızı Kedi Yayınevi, |
| Yayın, Dağıtım, Vb Tarihi | 2017. |
| 300 ## - FİZİKSEL TANIM | |
| Kapsam | 143 s. ; |
| Boyutlar | 22 cm. |
| Diğer Fiziksel Ayrıntıları | fotğ., |
| 490 ## - SERİSİ TABLOSU | |
| Seri Beyanı | Kırmızı Kedi Yayınevi ; |
| -- | Güncel; |
| Hacim / Ardışık Tanımı | 846. |
| -- | 35. |
| 600 14 - KONU KATMA GİRİŞ - KURUMSAL ADI | |
| Kişisel Ad | Kılıçdaroğlu, Kemal |
| Genel Alt Bölümü | Söyleşi |
| 9 (RLIN) | 1477 |
| Başlıklar Ve Bir Adla İlişkili Diğer Kelimeler | CHP Genel Başkanı |
| 600 14 - KONU KATMA GİRİŞ - KURUMSAL ADI | |
| Kişisel Ad | Kılıçdaroğlu, Kemal |
| Genel Alt Bölümü | yaşamöyküsü |
| 9 (RLIN) | 1477 |
| Başlıklar Ve Bir Adla İlişkili Diğer Kelimeler | CHP Genel Başkanı |
| 650 ## - KONU KATMA GİRİŞ - TOPİKAL DÖNEM | |
| Topikal Süreli Veya Coğrafi Ad Giriş Elemanı | Devlet adamları, Türk |
| Genel Alt Bölümü | Söyleşiler |
| 651 ## - KONU KATMA GİRİŞ - COĞRAFİ ADI | |
| Coğrafi İsim | Türkiye |
| Genel Alt Bölümü | Siyaset ve devlet yönetimi |
| 942 ## - EKLENDİ GİRİŞ ELEMANLARI (KOHA) | |
| Sınıflandırma Veya Raf Düzeni Kaynak | Dewey Decimal Classification |
| Koha Öğesi Türü | Books |
| Kalıcı Konum | Mevcut Konum | Edinme Tarihi | Toplam Check-Out'Lar | Tam Çağrı Numarası | Barkod | Tarih Son Görülme | İtibaren Geçerli Fiyatlar | Koha Öğesi Türü |
|---|---|---|---|---|---|---|---|---|
| CHP Kütüphanesi | CHP Kütüphanesi | 03/01/2019 | CHP 923.2 Kılıçdaroğlu,K. C35u 2017 | 018926 | 03/01/2019 | 03/01/2019 | Books |
